000
00288nam a2200109Ia 4500
008
200302s9999 xx 000 0 und d
100
_a
Peter Buchanan
245
_a
Renzo Piano Building Workshop - Complete Works Vol. 5
260
_b
Phaidon Press Limited
260
_c
2008
300
_a
279 P
999
_c
4387
_d
4387